MARC details
| 000 -LEADER |
| fixed length control field |
01319nam a2200373 a 4500 |
| 001 - CONTROL NUMBER |
| control field |
3101690 |
| 003 - CONTROL NUMBER IDENTIFIER |
| control field |
GZU |
| 005 - DATE AND TIME OF LATEST TRANSACTION |
| control field |
20210513150846.0 |
| 008 - FIXED-LENGTH DATA ELEMENTS--GENERAL INFORMATION |
| fixed length control field |
990415s1998 rh a b 001 0 eng |
| 010 ## - LIBRARY OF CONGRESS CONTROL NUMBER |
| LC control number |
98982717 |
| 020 ## - INTERNATIONAL STANDARD BOOK NUMBER |
| International Standard Book Number |
1779050429 |
| 040 ## - CATALOGING SOURCE |
| Original cataloging agency |
DLC |
| Transcribing agency |
DLC |
| 042 ## - AUTHENTICATION CODE |
| Authentication code |
lcode |
| 043 ## - GEOGRAPHIC AREA CODE |
| Geographic area code |
f-rh--- |
| 050 00 - LIBRARY OF CONGRESS CALL NUMBER |
| Classification number |
JQ2925. |
| Item number |
M 1998 |
| 100 1# - MAIN ENTRY--PERSONAL NAME |
| Personal name |
Makumbe, John Mw. |
| 245 00 - TITLE STATEMENT |
| Title |
Development and democracy in Zimbabwe / |
| Statement of responsibility, etc. |
John Mw. Makumbe. |
| 246 14 - VARYING FORM OF TITLE |
| Title proper/short title |
Democracy and development in Zimbabwe |
| 260 ## - PUBLICATION, DISTRIBUTION, ETC. |
| Place of publication, distribution, etc. |
Harare : |
| Name of publisher, distributor, etc. |
SAPES Books, |
| Date of publication, distribution, etc. |
1998. |
| 300 ## - PHYSICAL DESCRIPTION |
| Extent |
96 p. : |
| Other physical details |
ill. ; |
| Dimensions |
21 cm. |
| 490 1# - SERIES STATEMENT |
| Series statement |
Public policy series |
| 500 ## - GENERAL NOTE |
| General note |
"SAPES Trust"--P. [4] of cover. |
| 500 ## - GENERAL NOTE |
| General note |
"Southern Africa Regional Institute for Policy Studies"-- Ser. t.p. |
| 504 ## - BIBLIOGRAPHY, ETC. NOTE |
| Bibliography, etc. note |
Includes bibliographical references (p. [88]-93) and indexes. |
| 650 #0 - SUBJECT ADDED ENTRY--TOPICAL TERM |
| Topical term or geographic name entry element |
Decentralization in government |
| Geographic subdivision |
Zimbabwe. |
| 650 #0 - SUBJECT ADDED ENTRY--TOPICAL TERM |
| Topical term or geographic name entry element |
Democracy |
| Geographic subdivision |
Zimbabwe. |
| 650 #0 - SUBJECT ADDED ENTRY--TOPICAL TERM |
| Topical term or geographic name entry element |
Community development |
| Geographic subdivision |
Zimbabwe. |
| 710 2# - ADDED ENTRY--CORPORATE NAME |
| Corporate name or jurisdiction name as entry element |
SAPES Trust. |
| 710 2# - ADDED ENTRY--CORPORATE NAME |
| Corporate name or jurisdiction name as entry element |
Southern Africa Regional Institute for Policy Studies. |
| 830 #0 - SERIES ADDED ENTRY--UNIFORM TITLE |
| Uniform title |
Public policy series (Harare, Zimbabwe) |
| 906 ## - LOCAL DATA ELEMENT F, LDF (RLIN) |
| a |
7 |
| b |
cbc |
| c |
origode |
| d |
3 |
| e |
ncip |
| f |
19 |
| g |
y-gencatlg |
| 942 ## - ADDED ENTRY ELEMENTS (KOHA) |
| Source of classification or shelving scheme |
Library of Congress Classification |
| Koha item type |
Books |
| Classification part |
2925 |
| Item part |
MAK |
| Call number prefix |
JQ |
| Call number suffix |
1998 |